Effective pastoring / (Record no. 301)
[ view plain ]
| 000 -LEADER | |
|---|---|
| fixed length control field | 00663nam a22002172 4500 |
| 001 - CONTROL NUMBER | |
| control field | 0000001079 |
| 005 - DATE AND TIME OF LATEST TRANSACTION | |
| control field | 20151021151051.0 |
| 008 - FIXED-LENGTH DATA ELEMENTS--GENERAL INFORMATION | |
| fixed length control field | 070226s xx 000 0 eng d |
| 020 ## - INTERNATIONAL STANDARD BOOK NUMBER | |
| International Standard Book Number | 0849913535 : |
| Terms of availability | KES 1,720 |
| 040 ## - CATALOGING SOURCE | |
| Original cataloging agency | KABU |
| Transcribing agency | KABU |
| 050 #0 - LIBRARY OF CONGRESS CALL NUMBER | |
| Classification number | BV660.2 |
| Item number | .L39 1999 |
| 100 1# - MAIN ENTRY--PERSONAL NAME | |
| Personal name | Lawrence, William D. |
| -- | 0000159961 |
| 245 10 - TITLE STATEMENT | |
| Title | Effective pastoring / |
| Statement of responsibility, etc. | William D. Lawrence. |
| 260 ## - PUBLICATION, DISTRIBUTION, ETC. (IMPRINT) | |
| Place of publication, distribution, etc. | Nashville : |
| Name of publisher, distributor, etc. | Thomas Nelson, |
| Date of publication, distribution, etc. | 1999. |
| 300 ## - PHYSICAL DESCRIPTION | |
| Extent | xii, 257 p. ; |
| Dimensions | 25 cm. |
| 600 10 - SUBJECT ADDED ENTRY--PERSONAL NAME | |
| Personal name | Clergy, |
| Dates associated with a name | Office. |
| -- | 0000149597 |
| 650 #0 - SUBJECT ADDED ENTRY--TOPICAL TERM | |
| Topical term or geographic name as entry element | Pastoral theology. |
| -- | 0000149539 |
| 908 ## - PUT COMMAND PARAMETER (RLIN) | |
| Put command parameter | 070226 |
| 950 ## - LOCAL HOLDINGS (RLIN) | |
| -- | 1 |
| Withdrawn status | Lost status | Source of classification or shelving scheme | Not for loan | Home library | Current library | Date acquired | Total Checkouts | Full call number | Barcode | Date last seen | Price effective from | Koha item type |
|---|---|---|---|---|---|---|---|---|---|---|---|---|
| Library of Congress Classification | Kabarak, Main Campus | Kabarak, Main Campus | 17/12/2015 | BV660.2 .L39 1999 | 000816 | 02/08/2024 | 17/12/2015 | General Collection | ||||
| Library of Congress Classification | Kabarak, Main Campus | Kabarak, Main Campus | 17/12/2015 | BV660.2 .L39 1999 | 000811 | 02/08/2024 | 17/12/2015 | General Collection | ||||
| Library of Congress Classification | Kabarak, Nakuru City Campus | Kabarak, Nakuru City Campus | 21/10/2015 | BV660.2 .L39 1999 c. 1 | 003156 | 21/10/2015 | 21/10/2015 | General Collection |